Neúspešný pokus o zmenu maďarská revolúcia roku 1956 a Slovensko

Bibliographic Details
Main Author: Barnovský, Michal, 1937-2008 (Author)
Format: Article
Language:Slovak
PhysicalDescription:Fotogr.
ISSN:1335-8316
Subjects:

MARC

LEADER 00000nab a2200000 a 4500
001 vtls008879544
003 SK-MaSNL
005 20260304144925.0
008 250505c2006 xo |||| | | 000 b|slo
015 |a SNBRB2006/11  |2 snkbucl 
035 |a (uuid)a95eccb2-67b2-4300-8c9f-99469cf597f2 
035 |a urn:nbn:sk:snk-ab991y 
035 |a (urnnbn)urn:nbn:sk:snk:ar-a0827t 
038 |a SNKBUCL 
040 |a SNKBUCL  |b slo  |c SNKBUCL  |e AACR2 
041 0 |a slo 
044 |a xo  |c SK 
080 |a 94(439)  |x "1956"  |2 1997 
080 |a 94(437.6)  |x "1956"  |2 1997 
080 |a 323.27  |x (439)  |x "1956"  |2 1997 
080 |a 341.215.43  |x (439)  |x "1956"  |2 1997 
100 1 |a Barnovský, Michal,  |d 1937-2008  |4 aut  |9 97763 
245 1 0 |a Neúspešný pokus o zmenu  |b maďarská revolúcia roku 1956 a Slovensko  |c Michal Barnovský 
300 |b Fotogr. 
648 7 |a 1956  |2 snkbucl  |9 307092 
650 0 7 |a maďarské povstanie (1956)  |2 snkbucl  |9 176544 
651 7 |a Maďarsko  |x dejiny  |y 1956  |x Slovensko  |x ohlas  |2 snkbucl  |9 1466931 
773 0 |t História  |g Roč. 6, č. 5 (2006), s. 13-15  |x 1335-8316 
850 |a Slovenská národná knižnica 
852 |a Slovenská národná knižnica 
954 |a odborná, vedecká literatúra pôvodná (slovenská)  |2 lita 
958 |a article13 
958 |a OND 
958 |a HU 
958 |a SK 
958 |a EUIPO 
999 |c 2933899  |d 2935829